• 首页
  • 本馆介绍
  • 公告通知
  • 最新文献
  • 馆藏检索
  • 电子资源
  • 读者导购
  • 参考咨询
  • 我的图书馆
  • 登录
  • 详细信息显示
  • 放入我的书架
  • 预约/预借图书
  • 作者相关作品
  • 分类相关作品
  • 丛书相关作品
  • 出版社相关作品

书目信息

  • 表格格式
  • 工作单格式
  • 卡片格式
题名:
新时代的物流经济
    
 
作者: 柴田悦子 著 ;凌宇 译
分册:  
出版信息: 北京   中信出版社  2013.09
页数: 195页
开本: 21cm
丛书名:
单 册:
中图分类: F250
科图分类:
主题词: 物资经济学--研究 , 物资经济学
电子资源:
ISBN: 978-7-5086-4066-2
000 00980nam0 22002771 450
001 524
005 20140908164833.12
010    @a978-7-5086-4066-2@dCNY28.00
100    @a20130922d2013 em y0chiy0110 ea
101 1  @achi@cjpn
102    @aCN@b110000
105    @aak z 000yy
106    @ar
200 1  @a新时代的物流经济@AXin Shi Dai De Wu Liu Jing Ji@f(日)柴田悦子[等]著@F( Ri ) Chai Tian Yue Zi [ Deng ] Zhu@g凌宇译
210    @a北京@c中信出版社@d2013.09
215    @a195页@c图@d21cm
304    @a著者还有:(日)佐伯阳介,(日)冈田夕佳,(日)饴野仁子
330    @a本书作者在历史考察了日本物流发展的基础上,论述了流通系统变革前提下日本物流的创新发展。全书将物流产业的情况分为国际、国内和枢纽站点,并进行简要介绍。
333    @a一般读者
606 0  @a物资经济学@x研究
606 0  @a物资经济学
690    @aF250@v5
701  0 @g(日)@a柴田悦子@AChai Tian Yue Zi@4著
702  0 @a凌宇@ALing Yu@4译
801  0 @aCN@bTANGWEI@c20140603
905    @b0837522-24@dF250@e185@f3
    
    新时代的物流经济/(日)柴田悦子[等]著/凌宇译.-北京:中信出版社,2013.09
    195页:图;21cm
    使用对象:一般读者
    
    ISBN 978-7-5086-4066-2:CNY28.00
    本书作者在历史考察了日本物流发展的基础上,论述了流通系统变革前提下日本物流的创新发展。全书将物流产业的情况分为国际、国内和枢纽站点,并进行简要介绍。
●
相关链接 在E读中查询图书 在五车中查询图书 在当当中查询图书 在豆瓣中查询图书


正题名:新时代的物流经济     索取号:F250/185         预约/预借

序号 登录号 条形码 馆藏地/架位号 状态 备注
1 0837522   208375220   第一样本阅览室/ [索取号:F250/185] 在馆    
2 0837523   208375239   密集书库-海洋学院/ [索取号:F250/185] 在馆    
3 0837524   208375248   第一借阅区/ [索取号:F250/185] 在馆    
唐山师范学院图书馆 欢迎您!
大连网信软件有限公司© 版权所有